Central Library and Information Centre
Sibsagar Girls' College, Sivasagar : Assam

ELEMENTS OF MECHANICS (Record no. 10055)

MARC details
000 -LEADER
fixed length control field 00502cam a2200193ua 4500
008 - FIXED-LENGTH DATA ELEMENTS--GENERAL INFORMATION
fixed length control field 190403n2001 II |||gr||||Z||||||eng
040 ## - CATALOGING SOURCE
Original cataloging agency MAIN
041 ## - LANGUAGE CODE
-- English
082 ## - DEWEY DECIMAL CLASSIFICATION NUMBER
Classification number 531 AGA
100 ## - MAIN ENTRY--PERSONAL NAME
Personal name AGARWAL , J.P SATYA PRAKASH .
245 ## - TITLE STATEMENT
Title ELEMENTS OF MECHANICS
250 ## - EDITION STATEMENT
Edition statement REP.
260 ## - PUBLICATION, DISTRIBUTION, ETC.
Place of publication, distribution, etc. MEERUT
Name of publisher, distributor, etc. PRAGATI PRAKASHAN
Date of publication, distribution, etc. 2001
300 ## - PHYSICAL DESCRIPTION
Extent 678:
Dimensions 20CM.
700 ## - ADDED ENTRY--PERSONAL NAME
Personal name AGARWAL , J.P SATYA PRAKASH .,
Relator term Author.
942 ## - ADDED ENTRY ELEMENTS (KOHA)
Koha item type Books
653 ## - INDEX TERM--UNCONTROLLED
Uncontrolled term Classical mechanics solid mechanics
Holdings
Withdrawn status Lost status Damaged status Not for loan Collection code Home library Current library Shelving location Date acquired Total Checkouts Full call number Barcode Date last seen Date last checked out Copy number Price effective from Koha item type Public note
        TBPHY Central Library and Information Centre Sibsagar Girls College Central Library and Information Centre Sibsagar Girls College PHYSICS BOOK RACK 04.02.1984 3 531 AGA 08811 29.11.2023 22.11.2023 1 27.02.2020 Books V


Sibsagar Girl's College © 2020. All rights reserved.
Powered by Koha.
Maintained by Abhijit Borpuzari.